[Event "IECC CL6-2003.03 email"]
[Site "IECC email"]
[Date "2003.02.07"]
[Round "?"]
[White "Van Gimst, Herman"]
[Black "Bal, Rene"]
[Result "0-1"]
[WhiteElo "1167"]
[BlackElo "1381"]
[PlyCount "60"]
[EventDate "2003.??.??"]
[EventType "tourn (corr)"]
[EventRounds "4"]
[SourceTitle "Corr 2008"]
[Source "ChessBase"]
[SourceDate "2008.06.24"]
[SourceVersion "1"]
[SourceVersionDate "2008.06.24"]
[SourceQuality "1"]

1. d4 f5 2. c4 g6 3. g3 Nf6 4. Bg2 Bg7 5. Nc3 0-0 6. Bg5 d6 7. e3 Qe8 8. Qb3 Nc6 9. Nb5 Qd7 10. c5+ Kh8 11. cxd6 cxd6 12. Ne2 Ne4 13. h4 b6 14. f3 Nxg5 15. hxg5 e5 16. dxe5 dxe5 17. Rd1 Na5 18. Qa4 Qc6 19. Qh4 h5 20. gxh6 Bf6 21. Qb4 Ba6 22. Nbc3 Rfd8 23. Rc1 Qd7 24. e4 Qd2+ 25. Kf2 Bxe2 26. Rhe1 Bc4+ 27. Kg1 Qxh6 28. exf5 gxf5 29. Ne2 Bxe2 30. Rxe2 Qxc1+ 0-1